Statystyki dla Wszystkie gminy w Śląskim

Kliknij tutaj aby rozwiązać quiz!

Ogólne statystyki

  • Ten quiz został rozwiązany 434 razy
    (411 od ostatniego zresetowania)
  • Średni wynik to 57 z 167

Statystyki odpowiedzi

PowiatyTyp gminyGminy% Poprawnych
miasta na prawach powiatuKatowice
87%
Gliwice
86%
Częstochowa
83%
Bielsko-Biała
81%
Rybnik
79%
Zabrze
78%
cieszyńskimiejskaCieszyn
77%
będzińskimiejskaBędzin
76%
pszczyńskimiejsko-wiejskaPszczyna
75%
Bytom
74%
Chorzów
74%
Tychy
73%
raciborskimiejskaRacibórz
72%
Sosnowiec
72%
tarnogórskimiejsko-wiejskaTarnowskie Góry
72%
żywieckimiejskaŻywiec
72%
kłobuckimiejsko-wiejskaKłobuck
71%
mikołowskimiejskaMikołów
71%
myszkowskimiejskaMyszków
71%
lublinieckimiejskaLubliniec
70%
Ruda Śląska
70%
zawierciańskimiejskaZawiercie
70%
bieruńsko-lędzińskimiejskaBieruń
69%
Jaworzno
67%
Mysłowice
67%
Dąbrowa Górnicza
66%
wodzisławskimiejskaWodzisław Śląski
66%
Żory
66%
Piekary Śląskie
65%
Jastrzębie-Zdrój
64%
miejskaWisła
64%
Siemianowice Śląskie
62%
Świętochłowice
61%
miejskaLędziny
59%
miejskaUstroń
55%
miejsko-wiejskaCzechowice-Dziedzice
53%
bielskimiejskaSzczyrk
52%
gliwickimiejskaKnurów
49%
miejsko-wiejskaSkoczów
47%
miejskaCzeladź
46%
wiejskaKozy
46%
miejskaPyskowice
45%
miejskaOrzesze
44%
miejsko-wiejskaSiewierz
44%
miejsko-wiejskaRadzionków
43%
rybnickimiejsko-wiejskieCzerwionka-Leszczyny
42%
miejskaImielin
42%
częstochowskimiejsko-wiejskaBlachownia
40%
miejskaŁaziska Górne
39%
miejsko-wiejskaMiasteczko Śląskie
39%
miejsko-wiejskaToszek
39%
miejsko-wiejskaKoziegłowy
38%
miejsko-wiejskaOgrodzieniec
38%
miejskaRydułtowy
38%
wiejskaŚwierklany
37%
wiejskaGoczałkowice-Zdrój
35%
wiejskaKobiór
35%
miejsko-wiejskaŁazy
35%
miejsko-wiejskaOlsztyn
35%
miejskaSławków
35%
miejskaWojkowice
35%
wiejskaChełm Śląski
33%
miejsko-wiejskaKalety
33%
miejskaRadlin
32%
miejskaPszów
31%
wiejskaTworóg
31%
miejsko-wiejskaWoźniki
31%
wiejskaOżarowice
30%
miejsko-wiejskaSzczekociny
30%
wiejskaWęgierska Górka
30%
miejsko-wiejskaŻarki
30%
wiejskaBrenna
29%
miejsko-wiejskaKoniecpol
29%
wiejskaMilówka
29%
wiejskaPsary
29%
miejsko-wiejskaSośnicowice
29%
wiejskaIstebna
28%
wiejskaKoszęcin
28%
miejsko-wiejskaKuźnia Raciborska
28%
wiejskaOrnontowice
28%
miejskaPoręba
28%
wiejskaZbrosławice
28%
wiejskaGierałtowice
27%
miejsko-wiejskaKrzepice
27%
wiejskaPawłowice
27%
miejsko-wiejskaStrumień
27%
wiejskaBobrowniki
26%
wiejskaBojszowy
26%
miejsko-wiejskaPilica
26%
wiejskaWilkowice
26%
wiejskaWyry
26%
wiejskaChybie
25%
wiejskaHerby
25%
wiejskaRajcza
25%
wiejskaKrupski Młyn
24%
wiejskaŚwierklaniec
24%
miejsko-wiejskaWilamowice
24%
wiejskaMierzęcice
23%
wiejskaSuszec
23%
wiejskaŁodygowice
22%
wiejskaRudziniec
22%
wiejskaWielowieś
22%
wiejskaZebrzydowice
22%
wiejskaHażlach
21%
wiejskaNędza
20%
wiejskaPoczesna
20%
wiejskaWręczyca Wielka
20%
wiejskaBoronów
19%
wiejskaGilowice
19%
wiejskaJasienica
19%
wiejskaKochanowice
19%
wiejskaMarklowice
19%
wiejskaMstów
19%
wiejskaMszana
19%
wiejskaPilchowice
19%
wiejskaPorąbka
19%
wiejskaPoraj
19%
wiejskaRędziny
19%
wiejskaJaworze
18%
wiejskaJeleśnia
18%
miejsko-wiejskaKrzanowice
18%
wiejskaOpatów
18%
wiejskaPopów
18%
wiejskaPrzystajń
18%
wiejskaJanów
17%
wiejskaLelów
17%
wiejskaLyski
17%
wiejskaNiegowa
17%
wiejskaPanki
17%
wiejskaRadziechowy-Wieprz
17%
wiejskaUjsoły
17%
wiejskaGodów
16%
wiejskaGorzyce
16%
wiejskaMiedźna
16%
wiejskaPawonków
16%
wiejskaBuczkowice
15%
wiejskaCiasna
15%
wiejskaDąbrowa Zielona
15%
wiejskaDębowiec
15%
wiejskaKonopiska
15%
wiejskaMiedźno
15%
wiejskaGaszowice
14%
wiejskaGoleszów
14%
wiejskaIrządze
14%
wiejskaJejkowice
14%
wiejskaKamienica Polska
14%
wiejskaKoszarawa
14%
wiejskaKroczyce
14%
wiejskaŻarnowiec
14%
wiejskaBestwina
13%
wiejskaKrzyżanowice
13%
wiejskaPietrowice Wielkie
13%
wiejskaStarcza
13%
wiejskaLubomia
12%
wiejskaMykanów
12%
wiejskaŚlemień
12%
wiejskaŚwinna
12%
wiejskaLipie
11%
wiejskaKłomnice
10%
wiejskaRudnik
10%
wiejskaCzernichów
9%
wiejskaKruszyna
9%
wiejskaŁękawica
8%
wiejskaPrzyrów
8%
wiejskaWłodowice
8%
wiejskaKornowac
7%
wiejskaLipowa
7%

Rozkład punktacji

Percentyl według liczby udzielonych odpowiedzi

Procent ludzi z każdym wynikiem

Twoja historia wyników

Nie rozwiązałeś tego quizu od ostatniego zresetowania